000 00484nam a2200181Ia 4500
001 9003
005 20260306160651.0
008 260306t2016||||xx |||||||||||||| ||spa||
041 _aESP
082 _a372.21
_bP63
100 _aPitluk, Laura
_eAUT
245 0 _aArticulación entre la educación inicial y la educación primaria:
_bcontinuidades y encuentros
260 _c2016
300 _a265 páginas :
_c22 cm.
650 _aGEN
654 _aCED
942 _cLIB
_dJUS
_fJUS
_2ddc
_n
999 _c9003
_d9003